Numerical analysis (Record no. 63975)

000 -LEADER
fixed length control field 00452nam a22001817a 4500
003 - CONTROL NUMBER IDENTIFIER
control field NUST - PNEC
005 - DATE AND TIME OF LATEST TRANSACTION
control field 20170116180829.0
008 - FIXED-LENGTH DATA ELEMENTS--GENERAL INFORMATION
fixed length control field 150729b xxu||||| |||| 00| 0 eng d
020 ## - INTERNATIONAL STANDARD BOOK NUMBER
International Standard Book Number 9788131516546
020 ## - INTERNATIONAL STANDARD BOOK NUMBER
International Standard Book Number 8131516547
040 ## - CATALOGING SOURCE
Transcribing agency LIBRARY
082 ## - DEWEY DECIMAL CLASSIFICATION NUMBER
Classification number 518 BUR
100 ## - MAIN ENTRY--PERSONAL NAME
9 (RLIN) 4536
Personal name Burden, Richard L.
245 ## - TITLE STATEMENT
Title Numerical analysis
Statement of responsibility, etc. Richard L. Burden
250 ## - EDITION STATEMENT
Edition statement 9th ed
650 ## - SUBJECT ADDED ENTRY--TOPICAL TERM
9 (RLIN) 4537
Topical term or geographic name entry element Numerical Analysis
General subdivision MIS
942 ## - ADDED ENTRY ELEMENTS (KOHA)
Source of classification or shelving scheme
Koha item type Book
Holdings
Withdrawn status Lost status Source of classification or shelving scheme Damaged status Not for loan Permanent Location Current Location Shelving location Date acquired Total Checkouts Full call number Barcode Date last seen Price effective from Koha item type
          Pakistan Navy Engineering College (PNEC) Pakistan Navy Engineering College (PNEC)       518 BUR PNECLIB-031514 07/29/2015   Book
          Pakistan Navy Engineering College (PNEC) Pakistan Navy Engineering College (PNEC)       518 BUR PNECLIB-031515 07/29/2015   Book
          Pakistan Navy Engineering College (PNEC) Pakistan Navy Engineering College (PNEC)       518 BUR PNECLIB-031321 07/29/2015   Book
          Pakistan Navy Engineering College (PNEC) Pakistan Navy Engineering College (PNEC)       518 BUR PNECLIB-031513 07/31/2015   Book
          Pakistan Navy Engineering College (PNEC) Pakistan Navy Engineering College (PNEC)   07/31/2015   518 BUR PNECLIB-031322 07/31/2015   Book
© 2023 Central Library, National University of Sciences and Technology. All Rights Reserved.